Word Wheel - Statistics

General Stats
  • This quiz has been taken 36 times
  • The average score is 9 of 14
Answer Stats
Hint Answer % Correct
Sweet; adorable Cute
97%
Sound made by a clock Tick
97%
What to do on Halloween, if you don't like treats Trick
97%
To be in shape Fit
91%
Not to be confused with Star Wars Trek
84%
How you may wear your shirt at a fancy event Tuck
84%
Enlist people in the military Recruit
72%
Credit your sources Cite
66%
Use all nine letters! Firetruck
63%
Wheel Tire
63%
Diamond aircraft toy attached to a string Kite
47%
An alliance Truce
38%
A crack Rift
28%
Area a person controls Turf
22%
No matching quizzes found
Score Distribution
Percent of People with Each Score
Percentile by Number Answered
Your Score History
You have not taken this quiz